[Sumari de textos i les escriptures de venda i herències de cases i terres de diversos indrets de catalunya escrites en pergamí, de l'any 1806.]

Descripció física: 2 plec, 9 pergamins

MARC

LEADER 00000nam a2200000Ia 4500
001
008 160829s9999 xx 000 0 cat d
080 |a R-12-101 
245 |a [Sumari de textos i les escriptures de venda i herències de cases i terres de diversos indrets de catalunya escrites en pergamí, de l'any 1806.] 
300 |a 2 plec, 9 pergamins 
590 |a Text en català i llatí.  
590 |a Cobertes en pergamí.  
590 |a Incomplet. 
901 |a Arxiu 
942 |n 1 
952 |0 0  |1 0  |4 0  |6 R12101  |7 1  |9 52766  |a Arxiu  |b Arxiu  |d 2016-12-01  |l 0  |o R-12-101  |r 2016-12-01 00:00:00  |w 2016-12-01  |y ARXIU 
999 |c 56615  |d 56615